00182nam a22000857a 4500082000800000100001800008245003400026260002800060300000800088 aBAN aBanks Richard aVisual Studies 2012 cook book aNew YorkbGlencoec2012 a254